|
|
|
|
| LEADER |
00000nab a2200000uu 4500 |
| 001 |
vtls010902876 |
| 003 |
SK-MaSNL |
| 005 |
20260303142339.0 |
| 008 |
230222|2011 xo |||||||||||||||||slo| |
| 015 |
|
|
|a SNBRB
|
| 035 |
|
|
|a (urnnbn)urn:nbn:sk:snk:ar-a07pls
|
| 035 |
|
|
|a (uuid)4b376b9c-aa98-4644-9c08-9ddf63a2ee0d
|
| 035 |
|
|
|a urn:nbn:sk:snk-ab8u1e
|
| 040 |
|
|
|a SNKBUCL
|b slo
|c SNKBUCL
|e AACR2
|
| 041 |
0 |
|
|a slo
|
| 044 |
|
|
|a xo
|c SK
|
| 100 |
1 |
|
|a Bírová, Jana,
|d 1979-
|4 aut
|9 173530
|
| 245 |
1 |
0 |
|a SOCIÁLNO-PSYCHOLOGICKÝ VÝCVIK V METÓDE KRÁTKEJ INTERVENCIE DROGOVÝCH ZÁVISLOSTÍ
|c Jana Bírová
|
| 773 |
0 |
|
|t Prevencia : informačný bulletin zameraný na prevenciu sociálno-patologických javov v rezorte školstva
|g Roč. 10, č. 4 (2011), s. 61-62
|
| 954 |
|
|
|a odborná, vedecká literatúra pôvodná (slovenská)
|2 lita
|
| 958 |
|
|
|a OND
|
| 958 |
|
|
|a EUIPO
|
| 958 |
|
|
|a article10
|
| 999 |
|
|
|c 1982207
|d 1984137
|